Записки врача-гипнотезера: Очерки, юморески, миниатюры

Bibliografiske detaljer
Hovedforfatter: Иоффе А. М. Анатолий Михайлович
Andre forfattere: Иоффе А. К. (составитель)
Sprog:russisk
Udgivet: Новосибирск, Западно-Сибирское книжное издательство, 1978
Fag:
Format: MixedMaterials Bog
KOHA link:https://koha.lib.tpu.ru/cgi-bin/koha/opac-detail.pl?biblionumber=138122

MARC

LEADER 00000nam0a2200000 4500
001 138122
005 20231031141316.0
035 |a (RuTPU)RU\TPU\book\149673 
090 |a 138122 
100 |a 20080520d1978 m y0rusy50 ca 
101 0 |a rus 
102 |a RU 
105 |a c z 000ay 
200 1 |a Записки врача-гипнотезера  |e Очерки, юморески, миниатюры  |f А. М. Иоффе  |g сост. А. К. Иоффе 
210 |a Новосибирск  |c Западно-Сибирское книжное издательство  |d 1978 
215 |a 223 с.  |c портр. 
610 1 |a советская литература 
610 1 |a очерки 
610 1 |a юмор 
610 1 |a миниатюры 
675 |a Р2   |v 3 
700 1 |a Иоффе  |b А. М.  |g Анатолий Михайлович 
702 1 |a Иоффе  |b А. К.  |4 220 
801 1 |a RU  |b 63413507  |c 20080520  |g PSBO 
942 |c BK